LDR 00712naa#a2200169#i#450# 001 EN\\bibl\19485 005 20260516090205.6 100 ## _a20260515b2026####ek#y0engy0150####ca 102 ## _aRU 200 1# _aIN SITU AND EX SITU CONSERVATION STRATEGIES FOR BOSNIAN PINE (Pinus heldreichii Christ.) IN BOSNIA AND HERZEGOVINA _eConference article/thesis 210 1# _aVoronezh _cFSBE Institution of Higher Education Voronezh State University of Forestry and Technologies named after G.F. Morozov _d2026 215 ## _a7 с. 608 ## _aConference article/thesis _2local 675 ## _aУсловия существования растений. 630.181 _z 700 #1 _aRakita _gĐorđe 700 #1 _aMANDIĆ _gBRANKO 856 4# _abibl.vgltu.ru _u